Ensayos / (Record no. 90227)

MARC details
000 -LEADER
campo de control de longitud fija 00380nam a2200145 i 4500
001 - NÚMERO DE CONTROL
campo de control 90227
003 - IDENTIFICADOR DE NÚMERO DE CONTROL
campo de control ES-MaACL
005 - FECHA Y HORA DE LA ÚLTIMA TRANSACCIÓN
campo de control 20230906180403.0
008 - DATOS DE LONGITUD FIJA--INFORMACIÓN GENERAL
campo de control de longitud fija 050119s1983 xxu |||| | spa d
100 1# - ENTRADA PRINCIPAL--NOMBRE DE PERSONA
Nombre de persona Ledesma, Moisés.
9 (RLIN) 71147
245 10 - MENCIÓN DEL TÍTULO
Título Ensayos /
Mención de responsabilidad, etc. Moisés Ledesma.
260 ## - PUBLICACIÓN, DISTRIBUCIÓN, ETC.
Lugar de publicación, distribución, etc. [New York :
Nombre del editor, distribuidor, etc. White Plains,
Fecha de publicación, distribución, etc. 1983]
300 ## - DESCRIPCIÓN FÍSICA
Extensión 85 p. ;
Dimensiones 22 cm.
852 ## - LOCALIZACIÓN
Ubicación ES-MaACL
Número de control de estantería L-4449
Holdings
Estatus retirado Estado de pérdida Estado de daño No para préstamo Biblioteca de origen Biblioteca actual Ubicación en estantería Fecha de adquisición Fuente de adquisición Total de préstamos Signatura topográfica completa Código de barras Visto por última vez Precio de reemplazo Tipo de ítem Koha
        Biblioteca del Ateneo de Madrid Biblioteca del Ateneo de Madrid Depósito 2 17/01/2008     L-4449 1094220 23/02/2023 23/02/2023 Libro impreso